000 00404nam a2200181Ia 4500
008 210210b1955 xxu||||| |||| 00| 0 eng d
041 _aeng
082 _a825/813
100 _aSPENDER (Stephen)
245 _aMaking of a poem
260 _aLondon
_bHamish Hamilton
_c1955
650 _apoem
650 _aof
650 _aMaking
650 _aa
690 _aEnglish Criticism
906 _a015128
999 _c134446
_d134446